Szczegóły MARC21

Zabezpieczenie wierzytelności banku /

003 -Nazwa inst., której nr kontr. jest w polu 001 [,]
    • @
    • Nazwa instytucji, której n kontrolny jest w polu 001
    • NUKAT
005 -DATA I CZAS OSTATNIEJ MODYFIKACJI [,]
    • @
    • pole kontrolne
    • 20241231114812.0
020 -Międzynarod. znormalizowany nr książki - ISBN [ , ]
    • a
    • Numer ISBN
    • 8385946489 Find
040 -Instytucja sporządzająca opis [ , ]
    • a
    • Instytucja, która sporządziła opis (NP)
    • KR 7/MN
    • c
    • Instytucja, która sporządziła rekord (NP)
    • KR 7/MN
    • d
    • Instytucja, która zmodyfikowała rekord (P)
    • KR 7/EG
    • d
    • Instytucja, która zmodyfikowała rekord (P)
    • KR 7/CPs
    • d
    • Instytucja, która zmodyfikowała rekord (P)
    • KR 93/MSs
942 -Rodzaj dokumentu [ , ]
    • c
    • Rodzaj dokumentu
    • Książka
100 -Hasło główne - nazwa osobowa [1, ]
    • a
    • Nazwa osobowa (NP)
    • Heropolitańska, Izabela.
    • 9
    • KHW
    • 10767
245 -Strefa tytułu i oznaczenia odpowiedzialności [1,0]
    • a
    • Tytuł
    • Zabezpieczenie wierzytelności banku / Find
    • c
    • Pozostałe elementy strefy tytułu i oznaczenia odpowiedzialności (NP)
    • Izabela Heropolitańska ; [orzecznictwo i bibliogr. Ewa Jagodzińska-Serafin].
250 -Strefa wydania [ , ]
    • a
    • Oznaczenie wydania (NP)
    • Wyd. 3 rozsz. i zaktual.
260 -Strefa adresu wydawniczego [ , ]
    • a
    • Miejsce wydania (P)
    • Warszawa :
    • b
    • Nazwa wydawcy (P)
    • Twigger,
    • c
    • Data wydania (P)
    • 1999.
300 -Strefa opisu fizycznego [ , ]
    • a
    • Określenie formy książki i/lub objętość (NP)
    • 588 s. ;
    • c
    • Format (NP)
    • 21 cm.
336 -Typ zawartości [ , ]
    • a
    • Termin opisujący typ zawartości
    • Tekst
    • b
    • Kod określający zawartość
    • txt
    • 2
    • Źródło (terminu i kodu)
    • rdacontent
337 -Typ mediów [ , ]
    • a
    • Tryb odtwarzania
    • Bez urządzenia pośredniczącego
    • b
    • Kod typu mediów
    • n
    • 2
    • Źródło (terminu i kodu)
    • rdamedia
338 -Typ/rodzaj nośnika [ , ]
    • a
    • Hasło opisujące typ nośnika
    • Wolumin
    • b
    • Kod typu nośnika
    • nc
    • 2
    • Źródło (terminu i kodu)
    • rdacarrier
490 -Strefa serii i książki wielotomowej - forma nie do wyszukiwania [1, ]
    • a
    • Tytuł (P)
    • Biblioteka Bankowca Find
830 -Hasło dodatkowe serii i opisu książki wielotomowej - tytuł ujednolicony/tytuł [ ,0]
    • a
    • Tytuł ujednolicony/tytuł (NP)
    • Biblioteka Bankowca
    • 9
    • KHW
    • 9651
500 -Uwaga ogólna [ , ]
    • a
    • Uwaga ogólna (NP)
    • Wykaz aktów prawnych.
504 -Uwaga dot. bibliogr. załącznikowej [ , ]
    • a
    • Uwaga dot. bibliografii załącznikowej
    • Orzecznictwo i bibliogr. s. 506-574. Indeks.
521 -Uwaga dot. przeznaczenia czytelniczego [8, ]
    • a
    • Uwaga dot. przeznaczenia czytelniczego
    • Dla pracowników banków oraz pracowników towarzystw ubezpieczeniowych.
080 -Uniwersalna Klasyfikacja Dziesiętna [ , ]
    • a
    • Symbol klasyfikacji
    • 336.717.061(438)(094)
650 -Hasło przedmiotowe [ ,7]
    • a
    • Hasło przedmiotowe
    • Ściąganie wierzytelności
    • x
    • Określnik rzeczowy
    • prawo
    • z
    • Określnik geograficzny
    • Polska.
    • 2
    • Źródło terminu
    • kaba
    • 9
    • KHW
    • 354228
650 -Hasło przedmiotowe [ ,7]
    • a
    • Hasło przedmiotowe
    • Banki
    • x
    • Określnik rzeczowy
    • środki zabezpieczające
    • z
    • Określnik geograficzny
    • Polska.
    • 2
    • Źródło terminu
    • kaba
    • 9
    • KHW
    • 375566
650 -Hasło przedmiotowe [ ,7]
    • a
    • Hasło przedmiotowe
    • Wierzytelności
    • x
    • Określnik rzeczowy
    • środki zabezpieczające
    • z
    • Określnik geograficzny
    • Polska.
    • 2
    • Źródło terminu
    • kaba
    • 9
    • KHW
    • 395732
980 -Symbol UKD [ , ]
    • a
    • UKD
    • 336.717.061(438)(094)
700 -Hasło dodatkowe - nazwa osobowa [1, ]
    • a
    • Nazwa osobowa (NP)
    • Jagodzińska-Serafin, Ewa. Find
    • e
    • Określenie rodzaju współpracy
    • Bibliogr.
    • 9
    • KHW
    • 699137
920 -ISBN [ , ]
    • a
    • ISBN
    • 83-85946-48-9 Find
Data inwentaryzacji Lokalizacja Status udost. Numer inwentarzowy Sygnatura
2000-07-24BE-2E.66971 
2000-07-24BE2S.86290 
2000-07-24BE-3S.86291 
2000-07-24BE2S.86292 
2000-07-24BE-3S.86293 
2000-07-24BE-3S.86294 
2000-07-24BE2S.86295 
2000-07-24BE2S.86296 
2000-07-24BE-3S.86297 
2001-03-28T-2T.4987T.4987